Employee savings plans in the United States (Record no. 480836)

000 -LEADER
fixed length control field 00468cam a22001337a 4500
008 - FIXED-LENGTH DATA ELEMENTS--GENERAL INFORMATION
fixed length control field 180718b1962 xxu||||| |||| 00| 0 eng d
082 ## - DEWEY DECIMAL CLASSIFICATION NUMBER
Classification number K657x73 N213em
245 ## - TITLE STATEMENT
Title Employee savings plans in the United States
Statement of responsibility, etc. by National Industrial Conference Board, USA
260 ## - PUBLICATION, DISTRIBUTION, ETC.
Place of publication, distribution, etc. New York
Name of publisher, distributor, etc. National Industrial Conference Board
Date of publication, distribution, etc. 1962
300 ## - PHYSICAL DESCRIPTION
Extent 104p.
500 ## - GENERAL NOTE
General note $3.00
650 ## - SUBJECT ADDED ENTRY--TOPICAL TERM
Topical term or geographic name entry element Employee ownership --United States
700 ## - ADDED ENTRY--PERSONAL NAME
Personal name USA. National Industrial Conference Board
Holdings
Withdrawn status Lost status Damaged status Not for loan Permanent Location Current Location Date acquired Full call number Barcode Date last seen Price effective from Koha item type
        Indian Institute of Public Administration Indian Institute of Public Administration 2018-08-04 K657x73 N213em GR5287 2018-08-04 2018-08-04 GR

Powered by Koha